000 00734nam a2200205Ia 4500
008 160628s9999 xx 000 0 und d
050 _aQK 861
050 _b.Ev92 2016
100 _aEvangelista, Christine S.
245 _aEffectiveness of garcinia binucao (batuan) crude fruit extract on the biomullusicicidal activity of pomacea canaliculata (golden kuhol) /
245 _cChristine S. Evangelista, Louise Thyrzah L. Judit, Thea Louise S. Retizo, Precious Marielle Dae F. Sasis.
260 _aLas PiƱas, Philippines :
260 _bSISC,
260 _c2016.
300 _a81 pages :
300 _billustrations ;
300 _c28 cm.
500 _aIncludes bibliographical references and appendices.
942 _cTH
999 _c296197
_d296197